000 00519nam a2200217Ia 4500
003 OSt
005 20220923230921.0
006 a|||||r|||| 00| 0
007 ta
008 Pun
024 _a306,445
037 _cTextual
040 _aARTS
_cARTS
_bPun
041 _2Pun
_aPun
082 _aP, 153K3
100 _aਹਜਾਰਾ ਸਿੰਘ
245 0 _aਸਾਹਿਤ ਸਮਾਚਾਰ
260 _c1963
942 _hP, 153K3
_cTEXL
_2CC
999 _c388226
_d388226